00653cam a22002417a 4500003000500000005001700005008004100022010001000063011001000073035001000083040000900093082002400102110000800126245006300134260002300197300002200220410000800242490004200250650003800292650003100330810000800361830004200369CHAP20220817042148.0971013s1983 r 00010 d a36406 a37378 a41498 cCHAP a338.174772bF3 1983 aFAO 0aEconomía bananera mundialb: compendio de estadísticas aRoma :bFAO,c1983 a29 p.b: gráfs. aFAO 0aDesarrollo económico y socialv; 3114aPlátanoxAspectos económicos.14aPlátanoxEstadísticas.0 aFAO00aDesarrollo económico y socialv; 31